|
|
|
|
| LEADER |
00000cam a2200000 7i4500 |
| 001 |
0000002905 |
| 002 |
000003143 |
| 005 |
20000330.0 |
| 020 |
|
|
|a 9679940454
|
| 090 |
0 |
0 |
|a 324.609595
|b SOT
|
| 100 |
1 |
|
|a Sothi Rachagan, S
|
| 245 |
1 |
0 |
|a Law and electoral process in Malaysia
|c S. Sothi Rachagan
|
| 260 |
|
|
|a Kuala Lumpur :
|b University of Malaya Press ,
|c 1993
|
| 300 |
|
|
|a 290 p. ;
|c 24 cm.
|
| 650 |
0 |
0 |
|a Elections law
|z Malaysia
|
| 650 |
0 |
0 |
|a Elections
|z Malaysia
|
| 999 |
|
|
|a 034765
|b BUKU
|c MALAYSIANA
|e PERPUSTAKAAN KOMUNITI PETALING JAYA
|
| 999 |
|
|
|a 034766
|b BUKU
|c PINJAMAN
|e PERPUSTAKAAN KOMUNITI PETALING JAYA
|
| 999 |
|
|
|a 036029
|b BUKU
|c RUJUKAN
|e PERPUSTAKAAN KOMUNITI PETALING JAYA
|